[Event "FBL 1"]
[Site "Deutschland"]
[Date "2013.02.16"]
[Round "8.6"]
[White "Sokalska, Viktorija"]
[Black "Padurariu, Ioana-Smaranda"]
[Result "0-1"]
[WhiteElo "2022"]
[BlackElo "2236"]
[PlyCount "78"]
[EventDate "2012.10.06"]
[WhiteTeam "Schachverein Muelheim Nord 1931"]
[BlackTeam "SF 1891 Friedberg"]
[WhiteTeamCountry "GER"]
[BlackTeamCountry "GER"]

1. e4 c5 2. Nc3 e6 3. f4 Nc6 4. Nf3 a6 5. a4 d5 6. e5 Nge7 7. Be2 Nf5 8. O-O
Be7 9. d3 O-O 10. Kh1 Rb8 11. g4 Nfd4 12. Nxd4 Nxd4 13. a5 f6 14. exf6 Rxf6 15.
g5 Rf7 16. Bg4 Qf8 17. Be3 Nf5 18. Bf2 Bd6 19. Qd2 Bd7 20. Rae1 Re8 21. Bg3 Bc6
22. Bxf5 Rxf5 23. Re2 Rxg5 24. Rfe1 Rg6 25. Rf1 Bc7 26. Nd1 d4+ 27. Kg1 Qf5 28.
b3 h5 29. Kf2 Qh3 30. Ke1 h4 31. Nf2 Qf5 32. Bxh4 Bxf4 33. Qd1 Qh5 34. Bg3 Bxg3
35. hxg3 Bg2 36. g4 Qh4 37. Re5 Bxf1 38. Kxf1 Rf8 39. Qe1 Rgf6 0-1

[Event "FBL 1"]
[Site "Deutschland"]
[Date "2013.02.16"]
[Round "8.1"]
[White "Nebolsina, Vera"]
[Black "Wirths, Clara"]
[Result "1-0"]
[WhiteElo "2270"]
[BlackElo "2022"]
[PlyCount "37"]
[EventDate "2012.10.06"]
[WhiteTeam "SF Deizisau"]
[BlackTeam "Schachverein Wattenscheid 1930"]
[WhiteTeamCountry "GER"]
[BlackTeamCountry "GER"]

1. d4 Nf6 2. c4 e6 3. Nc3 Bb4 4. Qc2 O-O 5. a3 Be7 6. e4 d5 7. e5 Ne8 8. Nf3 b6
9. cxd5 exd5 10. Bd3 g6 11. Bh6 Ng7 12. Nxd5 Qxd5 13. Be4 Qb5 14. Bxa8 c6 15.
d5 Qxd5 16. O-O Qd7 17. Qc3 Qe6 18. Nd4 Qxe5 19. Rfe1 1-0

[Event "FBL 1"]
[Site "Deutschland"]
[Date "2013.02.16"]
[Round "8.2"]
[White "Henrichs, Wenke"]
[Black "Manakov, Marina"]
[Result "1/2-1/2"]
[WhiteElo "2067"]
[BlackElo "2294"]
[PlyCount "156"]
[EventDate "2012.10.06"]
[WhiteTeam "Schachverein Wattenscheid 1930"]
[BlackTeam "SF Deizisau"]
[WhiteTeamCountry "GER"]
[BlackTeamCountry "GER"]

1. d4 d5 2. c4 c6 3. cxd5 cxd5 4. Nc3 Nf6 5. Bf4 a6 6. Rc1 Nc6 7. e3 e6 8. Bd3
Be7 9. Nf3 Nh5 10. Be5 f6 11. Bg3 Nxg3 12. hxg3 f5 13. Nh4 Bxh4 14. Qh5+ g6 15.
Qxh4 Qxh4 16. Rxh4 Bd7 17. g4 Ne7 18. gxf5 exf5 19. Kd2 h5 20. Be2 Kf7 21. Bf3
Ke6 22. g3 Kd6 23. Rhh1 Rac8 24. Ne2 Rxc1 25. Nxc1 Bb5 26. b3 a5 27. a4 Ba6 28.
Na2 Nc6 29. Rc1 b6 30. Nc3 Ne7 31. Ne2 Bxe2 32. Bxe2 Rc8 33. Rxc8 Nxc8 34. Bb5
Ke6 35. Ke2 Nd6 36. Bd3 Kf6 37. f3 g5 38. Kf2 Ke6 39. Be2 Kf6 40. Bd3 Kg7 41.
Kg2 g4 42. Be2 Kh6 43. Bd3 Kg5 44. f4+ Kf6 45. Kf2 Ke6 46. Kg2 Kd7 47. Kh2 Kc7
48. Kg2 Ne4 49. Bc2 Kd6 50. Bd3 Ke6 51. Bc2 Nc3 52. Kf2 b5 53. axb5 Nxb5 54.
Bd3 Nc3 55. Bc2 Kf6 56. Kg2 Na2 57. Bd3 Nc1 58. Bc2 Ne2 59. Bd3 Nc3 60. Bc2 Ke6
61. Kf2 Nb5 62. Bd3 Nd6 63. Kg2 Kd7 64. Kf2 Kc6 65. Kg2 Kb6 66. Kf2 Kc7 67. Kg2
Kd8 68. Kf2 Ke7 69. Kg2 Kf6 70. Kf2 Nc8 71. Bb5 Ne7 72. Be8 Ng6 73. Bc6 Ne7 74.
Be8 Ng6 75. Bc6 Ke6 76. Be8 Kf6 77. Bc6 Ne7 78. Be8 Ng6 1/2-1/2

[Event "FBL 1"]
[Site "Deutschland"]
[Date "2013.02.16"]
[Round "8.3"]
[White "Klek, Hanna Marie"]
[Black "Goihl, Mona"]
[Result "1-0"]
[WhiteElo "2214"]
[BlackElo "2095"]
[PlyCount "105"]
[EventDate "2012.10.06"]
[WhiteTeam "SF Deizisau"]
[BlackTeam "Schachverein Wattenscheid 1930"]
[WhiteTeamCountry "GER"]
[BlackTeamCountry "GER"]

1. e4 c5 2. Nf3 Nc6 3. d4 cxd4 4. Nxd4 g6 5. c4 Bg7 6. Be3 Nf6 7. Nc3 d6 8. Be2
O-O 9. Qd2 Nxd4 10. Bxd4 Be6 11. O-O Nd7 12. Be3 Rc8 13. Nd5 Nc5 14. f3 a5 15.
Rac1 Bxd5 16. exd5 Qd7 17. b3 Ra8 18. Rfe1 Rfe8 19. Bf1 Qf5 20. Kh1 Be5 21. Qc2
Qf6 22. Qf2 Bf4 23. Bd4 Qf5 24. Rcd1 Rac8 25. g3 Bh6 26. Bc3 Ra8 27. g4 Qd7 28.
Qd4 f6 29. h4 Bg7 30. Re3 Kf7 31. Rde1 Bh8 32. Qf4 e5 33. dxe6+ Rxe6 34. Rd1
Rxe3 35. Qxe3 Qe7 36. Qd2 f5 37. Qd5+ Ne6 38. Be1 fxg4 39. fxg4 Be5 40. c5 Qf6
41. Qxb7+ Nc7 42. Bg2 d5 43. Rd3 Kg8 44. Bxd5+ Kh8 45. Rf3 Qd8 46. Bc4 Rb8 47.
Qe4 Bg7 48. Rf7 Ne8 49. g5 Qc8 50. Qe6 Qxe6 51. Bxe6 a4 52. b4 Be5 53. Rf8+ 1-0

[Event "FBL 1"]
[Site "Deutschland"]
[Date "2013.02.16"]
[Round "8.4"]
[White "Nowicki, Eva"]
[Black "Rempel, Jana"]
[Result "1/2-1/2"]
[WhiteElo "2074"]
[BlackElo "2078"]
[PlyCount "93"]
[EventDate "2012.10.06"]
[WhiteTeam "Schachverein Wattenscheid 1930"]
[BlackTeam "SF Deizisau"]
[WhiteTeamCountry "GER"]
[BlackTeamCountry "GER"]

1. e4 c5 2. Nf3 g6 3. d4 cxd4 4. Nxd4 Bg7 5. Nc3 Nc6 6. Be3 Nf6 7. Be2 O-O 8.
Qd2 d5 9. exd5 Nb4 10. d6 exd6 11. Bf3 Qe7 12. a3 Nc6 13. Nxc6 bxc6 14. Bxc6
Rb8 15. Rb1 Ba6 16. Bf3 Rfd8 17. Ne2 Ne4 18. Qc1 Re8 19. O-O Bxe2 20. Bxe2 Nxf2
21. Bxf2 Qxe2 22. Re1 Qc4 23. c3 a5 24. Qd2 Be5 25. Red1 a4 26. Bd4 f6 27. Bxe5
dxe5 28. Qd5+ Qxd5 29. Rxd5 Red8 30. Rxd8+ Rxd8 31. b4 Rd3 32. Rc1 Kf7 33. Kf1
e4 34. b5 Ke6 35. b6 Kd7 36. Rb1 Kc8 37. Rb4 Rxc3 38. Rxa4 Kb7 39. Rxe4 Rxa3
40. Re6 f5 41. Kf2 Rb3 42. Re7+ Kc6 43. Rxh7 Rxb6 44. Rh6 Kd5 45. h4 Ke5 46. h5
Rb2+ 47. Kg3 1/2-1/2

[Event "FBL 1"]
[Site "Deutschland"]
[Date "2013.02.16"]
[Round "8.5"]
[White "Zeller, Elisa"]
[Black "Huppertz, Andrea"]
[Result "1-0"]
[WhiteElo "1903"]
[BlackElo "1864"]
[PlyCount "59"]
[EventDate "2012.10.06"]
[WhiteTeam "SF Deizisau"]
[BlackTeam "Schachverein Wattenscheid 1930"]
[WhiteTeamCountry "GER"]
[BlackTeamCountry "GER"]

1. e4 c5 2. Nf3 d6 3. d4 cxd4 4. Nxd4 Nf6 5. Nc3 g6 6. Be2 Bg7 7. Be3 O-O 8.
O-O Nc6 9. f3 Bd7 10. Qd2 a6 11. Rfd1 Qc7 12. Rac1 Rfc8 13. Nxc6 bxc6 14. e5
dxe5 15. Na4 Be6 16. Nb6 Rd8 17. Nxa8 Rxa8 18. c4 c5 19. b4 cxb4 20. Qxb4 Rb8
21. Qc5 Rc8 22. Qxc7 Rxc7 23. Rd8+ Bf8 24. Bh6 Rc8 25. Rcd1 Ne8 26. Rxc8 Bxc8
27. Rd8 Bxh6 28. Rxe8+ Kg7 29. Rxc8 Be3+ 30. Kf1 1-0

[Event "FBL 1"]
[Site "Deutschland"]
[Date "2013.02.16"]
[Round "8.6"]
[White "Buechle, Regina"]
[Black "Schuette, Anna"]
[Result "1-0"]
[WhiteElo "1977"]
[BlackElo "1494"]
[PlyCount "63"]
[EventDate "2012.10.06"]
[WhiteTeam "Schachverein Wattenscheid 1930"]
[BlackTeam "SF Deizisau"]
[WhiteTeamCountry "GER"]
[BlackTeamCountry "GER"]

1. d4 d5 2. Nf3 Nf6 3. c4 e6 4. cxd5 exd5 5. Bg5 Be7 6. Nc3 c6 7. Qc2 Bg4 8.
Ne5 Nbd7 9. Nxg4 Nxg4 10. Bxe7 Qxe7 11. h3 Ngf6 12. g4 O-O 13. Bg2 Rfe8 14. O-O
Nf8 15. Rae1 Ng6 16. e3 Qd6 17. f4 h6 18. a3 Nd7 19. Qf2 Nb6 20. f5 Ne7 21. e4
dxe4 22. Nxe4 Qc7 23. f6 Ned5 24. fxg7 Kxg7 25. Nf6 Rxe1 26. Nh5+ Kf8 27. Rxe1
Qd6 28. Qf5 Qg6 29. Qe5 Kg8 30. Be4 Qg5 31. Bf5 Nc4 32. Qe8+ 1-0

[Event "FBL 1"]
[Site "Deutschland"]
[Date "2013.02.17"]
[Round "9.2"]
[White "Hoolt, Sarah"]
[Black "Pokorna, Regina"]
[Result "1-0"]
[WhiteElo "2308"]
[BlackElo "2353"]
[PlyCount "143"]
[EventDate "2012.10.06"]
[WhiteTeam "Hamburger SK von 1830"]
[BlackTeam "Rodewischer Schachmiezen"]
[WhiteTeamCountry "GER"]
[BlackTeamCountry "GER"]

1. e4 e5 2. Nf3 Nc6 3. Bc4 Nf6 4. d3 Be7 5. Bb3 O-O 6. O-O d6 7. c3 Na5 8. Bc2
c5 9. a3 a6 10. b4 Nc6 11. Nbd2 Qc7 12. Re1 Be6 13. Bb2 Rad8 14. d4 cxd4 15.
cxd4 exd4 16. Nxd4 Nxd4 17. Bxd4 Nd7 18. Rc1 Qb8 19. Nf1 Ne5 20. f4 Nc6 21. Bb6
Rde8 22. Qd3 Kh8 23. Ng3 f6 24. Rcd1 g6 25. Nf1 Bd8 26. Bf2 Qc8 27. h4 Qd7 28.
Ne3 Bb6 29. f5 Bg8 30. Qxd6 Qg7 31. Qg3 Ne5 32. Nd5 Bxf2+ 33. Qxf2 gxf5 34.
Qxf5 Be6 35. Qf2 Rc8 36. Nf4 Bg4 37. Rc1 Rc3 38. Re3 Rxe3 39. Qxe3 Qh6 40. g3
Nf3+ 41. Kf2 Ne5 42. Bb3 Qg7 43. Qb6 Bc8 44. Be6 Bxe6 45. Qxe6 Rg8 46. Rc3 f5
47. Kg2 Ng4 48. Nd5 fxe4 49. Qxe4 Rf8 50. Rc2 Qd7 51. Rc7 Ne3+ 52. Qxe3 Qxd5+
53. Kh2 Qa2+ 54. Kh3 Qa1 55. Qc3+ Qxc3 56. Rxc3 Rf7 57. Kg4 Kg7 58. Kg5 Rd7 59.
g4 Rd5+ 60. Kf4 Rb5 61. Rc5 Rb6 62. Ke5 Kg6 63. Rd5 Kg7 64. Rd7+ Kg8 65. Rd6
Rb5+ 66. Kf6 h6 67. Kg6 Kf8 68. Kxh6 a5 69. g5 axb4 70. axb4 Rxb4 71. h5 Ke7
72. Rd1 1-0

[Event "FBL 1"]
[Site "Deutschland"]
[Date "2013.02.17"]
[Round "9.3"]
[White "Kochetkova, Julia"]
[Black "Fuchs, Judith"]
[Result "1/2-1/2"]
[WhiteElo "2305"]
[BlackElo "2292"]
[PlyCount "50"]
[EventDate "2012.10.06"]
[WhiteTeam "Rodewischer Schachmiezen"]
[BlackTeam "Hamburger SK von 1830"]
[WhiteTeamCountry "GER"]
[BlackTeamCountry "GER"]

1. e4 c5 2. Nf3 d6 3. Nc3 Nf6 4. d4 cxd4 5. Qxd4 e6 6. Bg5 Be7 7. O-O-O Nc6 8.
Bb5 O-O 9. Bxc6 bxc6 10. e5 Nd5 11. Bxe7 Qxe7 12. Ne4 dxe5 13. Nxe5 Qc7 14.
Rhe1 f6 15. Nf3 e5 16. Qc5 Qb6 17. Nfd2 Rb8 18. Nb3 Bf5 19. f3 Qa6 20. a3 Qb6
21. Nd6 Be6 22. Nc4 Qb5 23. Nd6 Qb6 24. Nc4 Qb5 25. Nd6 Qb6 1/2-1/2

[Event "FBL 1"]
[Site "Deutschland"]
[Date "2013.02.17"]
[Round "9.4"]
[White "Hegeler, Anja"]
[Black "Korenova, Martina"]
[Result "0-1"]
[WhiteElo "2202"]
[BlackElo "2214"]
[PlyCount "66"]
[EventDate "2012.10.06"]
[WhiteTeam "Hamburger SK von 1830"]
[BlackTeam "Rodewischer Schachmiezen"]
[WhiteTeamCountry "GER"]
[BlackTeamCountry "GER"]

1. e4 e5 2. Nf3 Nc6 3. d3 g6 4. Be2 Bg7 5. c3 Nf6 6. O-O d5 7. Nbd2 O-O 8. b4
Nh5 9. Ne1 Nf4 10. Bf3 d4 11. Qb3 dxc3 12. Qxc3 Nd4 13. Kh1 b6 14. a4 a6 15.
Bb2 Bb7 16. g3 Nfe6 17. Bg2 Rc8 18. Ndf3 c5 19. Nxd4 Nxd4 20. bxc5 Rxc5 21. Qa3
Qd7 22. Rb1 Ra5 23. Qb4 Rxa4 24. Qxb6 Bc6 25. Rc1 Rc8 26. Bxd4 exd4 27. f4 Ra2
28. Nf3 Bb5 29. Rxc8+ Qxc8 30. Nxd4 Bxd3 31. Rd1 Bxd4 32. Qxd4 Rxg2 33. Qxd3
Qh3 0-1

[Event "FBL 1"]
[Site "Deutschland"]
[Date "2013.02.17"]
[Round "9.5"]
[White "Steinbacher, Claudia"]
[Black "Schmidt, Jade"]
[Result "0-1"]
[WhiteElo "2134"]
[BlackElo "2114"]
[PlyCount "112"]
[EventDate "2012.10.06"]
[WhiteTeam "Rodewischer Schachmiezen"]
[BlackTeam "Hamburger SK von 1830"]
[WhiteTeamCountry "GER"]
[BlackTeamCountry "GER"]

1. d4 d5 2. c4 e6 3. Nf3 c6 4. Nc3 dxc4 5. a4 Bb4 6. Bd2 a5 7. e3 b5 8. Qc2 Nf6
9. Be2 O-O 10. O-O Bxc3 11. bxc3 Nbd7 12. Rab1 Ba6 13. e4 e5 14. Bg5 Qe7 15.
dxe5 Nxe5 16. Nd4 Ng6 17. Bxf6 Qxf6 18. axb5 cxb5 19. Nxb5 Nf4 20. Nd4 Rfe8 21.
Bf3 Rac8 22. Rfd1 Nd3 23. g3 Rcd8 24. Bg2 Rb8 25. Rf1 Rec8 26. f4 Qe7 27. Kh1
Qc7 28. h3 h6 29. Qa4 Nc5 30. Qa2 Nb3 31. Qe2 Nxd4 32. cxd4 Qa7 33. Rxb8 Rxb8
34. Qa2 Qxd4 35. Qxa5 Qb6 36. Qxb6 Rxb6 37. Rc1 Rb3 38. Kh2 c3 39. Kg1 Bd3 40.
Kf2 Rb2+ 41. Kf3 c2 42. Ke3 Rb1 43. Kd2 f6 44. e5 fxe5 45. fxe5 Kf7 46. Bd5+
Ke7 47. Ba2 Bh7 48. Bc4 Bg6 49. Ba2 Kd7 50. Bc4 Kc6 51. Bg8 Kc5 52. g4 Rb8 53.
Ba2 Kd4 54. Be6 Kxe5 55. Bf5 Bxf5 56. gxf5 Rc8 0-1

[Event "FBL 1"]
[Site "Deutschland"]
[Date "2013.02.17"]
[Round "9.6"]
[White "Bluebaum, Bettina"]
[Black "Kubikova, Alena"]
[Result "1-0"]
[WhiteElo "1984"]
[BlackElo "2095"]
[PlyCount "79"]
[EventDate "2012.10.06"]
[WhiteTeam "Hamburger SK von 1830"]
[BlackTeam "Rodewischer Schachmiezen"]
[WhiteTeamCountry "GER"]
[BlackTeamCountry "GER"]

1. d4 Nf6 2. c4 c5 3. d5 e6 4. Nc3 exd5 5. cxd5 d6 6. e4 g6 7. h3 Bg7 8. Nf3
O-O 9. Bd3 a6 10. a4 b6 11. O-O Qc7 12. Bf4 Nbd7 13. Qd2 Re8 14. Rae1 Bb7 15.
Bc2 Nh5 16. Bh2 c4 17. Kh1 Rad8 18. Nd4 Qc5 19. Rd1 Ne5 20. Nde2 b5 21. f4 Nd7
22. Bg1 Qb4 23. g4 Nhf6 24. axb5 axb5 25. Nd4 Nc5 26. Rfe1 Nb3 27. Bxb3 cxb3
28. Kh2 Qc4 29. Rc1 Qb4 30. Qd1 Nxe4 31. Rxe4 Rxe4 32. Nxe4 Bxd5 33. Nc3 Bb7
34. Qxb3 Qc5 35. Nce2 Qa7 36. Rc7 d5 37. Nc6 Qa1 38. Nxd8 Qf1 39. Qe3 d4 40.
Qe8+ 1-0

[Event "FBL 1"]
[Site "Deutschland"]
[Date "2013.02.17"]
[Round "9.1"]
[White "Kononenko, Tatiana"]
[Black "Jelica, Mara"]
[Result "1-0"]
[WhiteElo "2374"]
[BlackElo "2258"]
[PlyCount "69"]
[EventDate "2012.10.06"]
[WhiteTeam "USV Volksbank Halle"]
[BlackTeam "Karlsruher SF 1853"]
[WhiteTeamCountry "GER"]
[BlackTeamCountry "GER"]

1. d4 Nf6 2. c4 g6 3. Nc3 Bg7 4. e4 d6 5. Nge2 O-O 6. Ng3 h5 7. Bd3 Nc6 8. d5
Ne5 9. Be2 h4 10. Nf1 c6 11. h3 b5 12. cxb5 cxd5 13. exd5 Bb7 14. Ne3 Rc8 15.
O-O Rc5 16. Qa4 Bxd5 17. Ncxd5 Nxd5 18. Nxd5 Rxd5 19. Qxa7 Nd3 20. Bxd3 Rxd3
21. a4 Bd4 22. Qb7 d5 23. Ra3 Rxa3 24. bxa3 e6 25. Bd2 Qf6 26. a5 Qe5 27. b6 g5
28. Qe7 Bxf2+ 29. Rxf2 Qa1+ 30. Kh2 Qe5+ 31. Bf4 gxf4 32. Qxh4 Qd6 33. Qxf4 e5
34. Qg5+ Kh7 35. Rf6 1-0

[Event "FBL 1"]
[Site "Deutschland"]
[Date "2013.02.17"]
[Round "9.2"]
[White "Schmidt, Jessica"]
[Black "Melamed, Tetyana"]
[Result "1/2-1/2"]
[WhiteElo "2273"]
[BlackElo "2353"]
[PlyCount "69"]
[EventDate "2012.10.06"]
[WhiteTeam "Karlsruher SF 1853"]
[BlackTeam "USV Volksbank Halle"]
[WhiteTeamCountry "GER"]
[BlackTeamCountry "GER"]

1. d4 Nf6 2. Nf3 g6 3. c4 Bg7 4. Nc3 O-O 5. e4 d6 6. Be2 e5 7. d5 Nh5 8. Qc2
Nf4 9. Bxf4 exf4 10. O-O-O Nd7 11. g3 Qf6 12. h4 Nc5 13. Nd2 Bd7 14. Rdf1 Rfe8
15. g4 a6 16. g5 Qe5 17. Bd3 Qd4 18. Be2 Qe5 19. Bd3 b5 20. Nf3 Qe7 21. Re1
bxc4 22. Bxc4 Rab8 23. e5 dxe5 24. Nd2 e4 25. Ndxe4 Nxe4 26. Rxe4 Qd6 27. Rxe8+
Rxe8 28. Qd2 f3 29. Kb1 Bf5+ 30. Ka1 Qc5 31. Bxa6 Bd4 32. Re1 Rb8 33. Rc1 Qb6
34. Nd1 Be5 35. Bc4 1/2-1/2

[Event "FBL 1"]
[Site "Deutschland"]
[Date "2013.02.17"]
[Round "9.3"]
[White "Lakos, Nikoletta"]
[Black "Mader, Manuela"]
[Result "1-0"]
[WhiteElo "2290"]
[BlackElo "2222"]
[PlyCount "85"]
[EventDate "2012.10.06"]
[WhiteTeam "USV Volksbank Halle"]
[BlackTeam "Karlsruher SF 1853"]
[WhiteTeamCountry "GER"]
[BlackTeamCountry "GER"]

1. e4 c6 2. d4 d5 3. Nc3 dxe4 4. Nxe4 Bf5 5. Ng3 Bg6 6. N1e2 e6 7. Nf4 Qc7 8.
c3 Nf6 9. h4 Bd6 10. Qf3 Nbd7 11. h5 Bc2 12. h6 g6 13. Bd3 Bxd3 14. Nxd3 O-O-O
15. Bg5 Be7 16. Ne4 Nxe4 17. Bxe7 Rde8 18. Qxe4 Rxe7 19. f4 Qa5 20. Kd2 Rd8 21.
b4 Qa3 22. Rhb1 Qa6 23. a4 Qc4 24. Nb2 Qd5 25. Re1 Nf6 26. Qe2 a5 27. Nd3 axb4
28. Nxb4 Qa5 29. Qe5 Nd5 30. Rab1 f6 31. Qb8+ Kxb8 32. Nxc6+ Kc8 33. Nxa5 Nxf4
34. g3 Nd5 35. c4 Nc7 36. Kc3 Ne8 37. Rb6 Rd6 38. Rbb1 f5 39. c5 Rd5 40. Nc4
Rd8 41. d5 Nc7 42. d6 Nb5+ 43. axb5 1-0

[Event "FBL 1"]
[Site "Deutschland"]
[Date "2013.02.17"]
[Round "9.4"]
[White "Heinatz, Gundula"]
[Black "Straub, Natalia"]
[Result "1/2-1/2"]
[WhiteElo "2197"]
[BlackElo "2210"]
[PlyCount "66"]
[EventDate "2012.10.06"]
[WhiteTeam "Karlsruher SF 1853"]
[BlackTeam "USV Volksbank Halle"]
[WhiteTeamCountry "GER"]
[BlackTeamCountry "GER"]

1. d4 Nf6 2. Nf3 g6 3. Bg5 Bg7 4. c3 O-O 5. Nbd2 d6 6. e4 Nc6 7. Bc4 h6 8. Bxf6
Bxf6 9. Qc2 e5 10. dxe5 dxe5 11. O-O Qe7 12. b4 Nd8 13. Rfd1 a6 14. Nf1 b5 15.
Bb3 c6 16. Qd2 Kg7 17. Ne3 Nb7 18. a4 Rd8 19. Qa2 Rxd1+ 20. Rxd1 Nd6 21. axb5
Nxb5 22. Rd3 Bb7 23. Ng4 Rd8 24. Qd2 Rxd3 25. Qxd3 Bc8 26. Ne3 Qd8 27. Qc2 c5
28. Nd5 Bb7 29. Qd2 cxb4 30. cxb4 Bxd5 31. Qxd5 Qxd5 32. Bxd5 Kf8 33. Ne1 Be7
1/2-1/2

[Event "FBL 1"]
[Site "Deutschland"]
[Date "2013.02.17"]
[Round "9.6"]
[White "Lauterbach, Ingrid"]
[Black "Heinemann, Josefine"]
[Result "1/2-1/2"]
[WhiteElo "2143"]
[BlackElo "1871"]
[PlyCount "140"]
[EventDate "2012.10.06"]
[WhiteTeam "Karlsruher SF 1853"]
[BlackTeam "USV Volksbank Halle"]
[WhiteTeamCountry "GER"]
[BlackTeamCountry "GER"]

1. Nf3 Nf6 2. g3 g6 3. Bg2 Bg7 4. d3 d5 5. Nbd2 O-O 6. O-O c5 7. e4 Nc6 8. Re1
d4 9. a4 e5 10. Nc4 Qc7 11. h3 Be6 12. b3 Bxc4 13. bxc4 b6 14. Nh4 Nh5 15. Bf3
Nf6 16. Be2 Nd7 17. Bf1 Nf6 18. Bd2 Rab8 19. Bg2 Kh8 20. Rf1 Kg8 21. Qe2 Nh5
22. Nf5 Bf6 23. Nh6+ Kh8 24. Bf3 Ng7 25. h4 Ne6 26. Bg2 Bg7 27. h5 Nf4 28.
Nxf7+ Qxf7 29. gxf4 exf4 30. Bf3 Ne5 31. Kg2 Qf6 32. Rh1 g5 33. h6 Bxh6 34. Rh3
g4 35. Bxg4 Nxg4 36. Rah1 f3+ 37. Rxf3 Qxf3+ 38. Qxf3 Rxf3 39. Bxh6 Rf6 40. Bg5
Rg6 41. f4 h6 42. Kf3 Kg7 43. Bh4 Ne3 44. c3 Kf7 45. cxd4 cxd4 46. f5 Rc6 47.
Bg3 Re8 48. Bf4 Nc2 49. e5 Rg8 50. e6+ Ke8 51. Rxh6 Ne1+ 52. Ke4 Rg4 53. Rh8+
Ke7 54. Rh7+ Ke8 55. Rh8+ Ke7 56. Rh7+ Ke8 57. Kd5 Rxf4 58. Kxc6 Rxf5 59. Kd6
Nxd3 60. Rxa7 Kf8 61. Ra8+ Kg7 62. e7 Rf6+ 63. Kd5 Nb4+ 64. Kxd4 Nc6+ 65. Kd3
Nxe7 66. a5 bxa5 67. Rxa5 Nc6 68. Rg5+ Kf7 69. Ke4 Ke6 70. Rc5 Kd6 1/2-1/2

[Event "FBL 1"]
[Site "Deutschland"]
[Date "2013.02.17"]
[Round "9.1"]
[White "Kulovana, Eva"]
[Black "Zatonskih, Anna"]
[Result "0-1"]
[WhiteElo "2259"]
[BlackElo "2512"]
[PlyCount "112"]
[EventDate "2012.10.06"]
[WhiteTeam "SK Grosslehna"]
[BlackTeam "OSG Baden Baden"]
[WhiteTeamCountry "GER"]
[BlackTeamCountry "GER"]

1. e4 e6 2. d4 d5 3. Nd2 c5 4. exd5 exd5 5. Ngf3 Nc6 6. Bb5 Bd6 7. O-O Nge7 8.
dxc5 Bxc5 9. Nb3 Bd6 10. Nbd4 O-O 11. c3 Bg4 12. Be2 Qd7 13. Bg5 Ng6 14. Qd2 f6
15. Be3 Rad8 16. Rfe1 Bb8 17. Rad1 Nce5 18. Qc2 Nxf3+ 19. Bxf3 Ne5 20. Bxg4
Nxg4 21. h3 Ne5 22. Bf4 Rfe8 23. Bg3 a6 24. Nf5 Ba7 25. Ne3 Qf7 26. Re2 b5 27.
Nf5 Bb8 28. Rde1 Qd7 29. f4 Ng6 30. Rxe8+ Rxe8 31. Rxe8+ Qxe8 32. Qd2 Qe4 33.
Ne3 Ba7 34. Kf2 Nxf4 35. Bxf4 Qxf4+ 36. Ke2 Bxe3 37. Qxe3 Qe5 38. Kd3 h5 39.
Qf2 Kh7 40. Kc2 Qe4+ 41. Kc1 f5 42. h4 f4 43. b3 Kg6 44. Qb6+ Kf5 45. Qxa6 Qxg2
46. a4 Qf1+ 47. Kc2 Qe2+ 48. Kc1 f3 49. Qc8+ Kf4 50. Qc7+ Ke4 51. Qd6 Qe3+ 52.
Kc2 Qd3+ 53. Kb2 f2 54. Qg6+ Ke3 55. Qg5+ Ke2 56. Qe5+ Kd1 0-1

[Event "FBL 1"]
[Site "Deutschland"]
[Date "2013.02.17"]
[Round "9.2"]
[White "Kachiani Gersinska, Ketino"]
[Black "Voicu Jagodzinsky, Carmen"]
[Result "1-0"]
[WhiteElo "2366"]
[BlackElo "2292"]
[PlyCount "75"]
[EventDate "2012.10.06"]
[WhiteTeam "OSG Baden Baden"]
[BlackTeam "SK Grosslehna"]
[WhiteTeamCountry "GER"]
[BlackTeamCountry "GER"]

1. c4 e5 2. g3 Nf6 3. Bg2 d5 4. cxd5 Nxd5 5. Nc3 Nb6 6. e3 Be7 7. Nge2 O-O 8.
O-O Nc6 9. b3 Bg4 10. h3 Be6 11. d4 exd4 12. exd4 Nd5 13. Bxd5 Bxd5 14. Nf4 Nb4
15. a3 g5 16. axb4 gxf4 17. Nxd5 Qxd5 18. Bxf4 Bf6 19. Bxc7 Rfe8 20. Qg4+ Kh8
21. Be5 Bxe5 22. dxe5 Qxe5 23. Qf3 Re7 24. Ra5 Qe6 25. Kh2 a6 26. Re1 Qd6 27.
Rd5 Qxd5 28. Qf6+ Kg8 29. Rxe7 h6 30. Qxh6 Rc8 31. Qf6 b5 32. Re5 Qc6 33. Rg5+
Kf8 34. Qg7+ Ke8 35. Re5+ Kd8 36. Qxf7 Rc7 37. Qf8+ Kd7 38. Qe8+ 1-0

[Event "FBL 1"]
[Site "Deutschland"]
[Date "2013.02.17"]
[Round "9.4"]
[White "Arakhamia Grant, Ketevan"]
[Black "Olsarova, Karolina"]
[Result "1-0"]
[WhiteElo "2421"]
[BlackElo "2253"]
[PlyCount "57"]
[EventDate "2012.10.06"]
[WhiteTeam "OSG Baden Baden"]
[BlackTeam "SK Grosslehna"]
[WhiteTeamCountry "GER"]
[BlackTeamCountry "GER"]

1. e4 e5 2. Nf3 Nc6 3. Bb5 Nf6 4. d3 Bc5 5. O-O d6 6. c3 O-O 7. h3 h6 8. Nbd2
Bb6 9. Re1 Ne7 10. Nf1 Ng6 11. Ng3 c6 12. Ba4 Be6 13. d4 Bc7 14. Bc2 Nh7 15.
Nf5 Re8 16. Be3 Ng5 17. Nxg5 hxg5 18. Qg4 f6 19. Rad1 Qc8 20. d5 cxd5 21. exd5
Bf7 22. Ba4 Rd8 23. h4 Kf8 24. hxg5 Ne7 25. Bc2 g6 26. gxf6 Nxf5 27. Qh3 Qd7
28. Bxf5 gxf5 29. Qh6+ 1-0

[Event "FBL 1"]
[Site "Deutschland"]
[Date "2013.02.17"]
[Round "9.5"]
[White "Von Wantoch Rekowski, Danijela"]
[Black "Tammert, Iamze"]
[Result "1/2-1/2"]
[WhiteElo "2245"]
[BlackElo "2305"]
[PlyCount "30"]
[EventDate "2012.10.06"]
[WhiteTeam "SK Grosslehna"]
[BlackTeam "OSG Baden Baden"]
[WhiteTeamCountry "GER"]
[BlackTeamCountry "GER"]

1. b3 d5 2. Bb2 Nf6 3. e3 c5 4. f4 Nc6 5. Nf3 g6 6. Ne5 Bg7 7. Nxc6 bxc6 8. Be2
d4 9. O-O O-O 10. Qc1 Nd5 11. e4 Nc7 12. d3 e5 13. fxe5 Bxe5 14. Nd2 Ne6 15.
Nc4 Bg7 1/2-1/2

[Event "FBL 1"]
[Site "Deutschland"]
[Date "2013.02.17"]
[Round "9.6"]
[White "Schut, Lisa"]
[Black "Lehmann, Christina"]
[Result "1-0"]
[WhiteElo "2267"]
[BlackElo "2078"]
[PlyCount "55"]
[EventDate "2012.10.06"]
[WhiteTeam "OSG Baden Baden"]
[BlackTeam "SK Grosslehna"]
[WhiteTeamCountry "GER"]
[BlackTeamCountry "GER"]

1. e4 c5 2. Nf3 d6 3. d4 cxd4 4. Nxd4 Nf6 5. Nc3 a6 6. h3 e6 7. g4 Qc7 8. Bg2
Nc6 9. Be3 Be7 10. O-O Nxd4 11. Qxd4 O-O 12. g5 Nd7 13. Qd2 Ne5 14. b3 Bd7 15.
Ne2 b5 16. c3 Rac8 17. f4 Nc6 18. Rac1 Rfd8 19. Ng3 d5 20. Qf2 Rb8 21. exd5
exd5 22. Rfd1 Ba3 23. Rc2 Ne7 24. b4 g6 25. Bd4 Nc6 26. Bf6 Re8 27. Bxd5 Rbc8
28. Rcd2 1-0

[Event "FBL 1"]
[Site "Deutschland"]
[Date "2013.02.17"]
[Round "9.2"]
[White "Doluhanova, Evgeniya"]
[Black "Gunina, Valentina"]
[Result "1/2-1/2"]
[WhiteElo "2247"]
[BlackElo "2509"]
[PlyCount "66"]
[EventDate "2012.10.06"]
[WhiteTeam "SV Chemie Guben 1990"]
[BlackTeam "SC Bad Koenigshofen 1957"]
[WhiteTeamCountry "GER"]
[BlackTeamCountry "GER"]

1. e4 c6 2. d4 d5 3. Nc3 dxe4 4. Nxe4 Bf5 5. Ng3 Bg6 6. h4 h6 7. Nf3 Nd7 8. h5
Bh7 9. Bd3 Bxd3 10. Qxd3 e6 11. Bd2 Ngf6 12. O-O-O Be7 13. Ne4 Nxe4 14. Qxe4
Nf6 15. Qd3 O-O 16. Ne5 c5 17. dxc5 Bxc5 18. Bxh6 Qxd3 19. Nxd3 Bxf2 20. Nxf2
gxh6 21. Rd3 Rfd8 22. Rg3+ Kf8 23. Rf3 Ke7 24. Rh4 Nd7 25. Rb4 b6 26. Nd3 Rac8
27. Rbf4 f5 28. g4 fxg4 29. Rxg4 Rg8 30. Rfg3 Rxg4 31. Rxg4 Rf8 32. Rg6 Rf6 33.
Rg7+ Rf7 1/2-1/2